| Tag |
First Indicator |
Second Indicator |
Subfields |
| LEADER |
00000cam a2200000 4500 |
| 001 |
in00000063334 |
| 005 |
20151008051737.0 |
| 008 |
791108s1963 ncuab s00000 eng |
| 010 |
|
|
|a 64063052
|
| 035 |
|
|
|a (OCoLC)05664222
|
| 035 |
|
|
|9 AAG9737AM
|
| 040 |
|
|
|a DLC
|c NRC
|d TXA
|d UtOrBLW
|
| 043 |
|
|
|a n-us-nc
|
| 049 |
|
|
|a TXAM
|c [468604]
|
| 050 |
|
0 |
|a RA447.N85
|b A48
|
| 092 |
|
|
|a 331.761
|b N864m
|
| 110 |
1 |
|
|a North Carolina.
|b Bureau of Employment Security Research.
|
| 245 |
1 |
0 |
|a Manpower and training needs for medical and health service occupations in North Carolina.
|
| 264 |
|
1 |
|a Raleigh,
|b [publisher not identified] ;
|c 1963.
|
| 300 |
|
|
|a 62 pages :
|b illustrations, map. ;
|c 22 x 28 cm.
|
| 336 |
|
|
|a text
|b txt
|2 rdacontent
|
| 337 |
|
|
|a unmediated
|b n
|2 rdamedia
|
| 338 |
|
|
|a volume
|b nc
|2 rdacarrier
|
| 650 |
|
0 |
|a Medical personnel
|z North Carolina.
|
| 650 |
|
0 |
|a Public health personnel
|z North Carolina.
|
| 999 |
|
|
|a MARS
|
| 999 |
f |
f |
|s fd70164a-47d4-312b-9bdb-5c520e556fc5
|i 8f3b5556-dd1f-33fb-a2f9-208f2cd56a0b
|t 0
|
| 952 |
f |
f |
|p ric
|a Texas A&M University
|b Rellis Campus
|c Joint Library Facility
|d Remote Storage
|t 0
|e RA447.N85 A48
|h Library of Congress classification
|i unmediated -- volume
|m A14800720445
|
| 998 |
f |
f |
|a RA447.N85 A48
|t 0
|l Remote Storage
|